[Event "Festival de Calviá 2009 - 6. Open s2300"]
[Site "Calvia ESP"]
[Date "2009.10.15"]
[Round "6.12"]
[White "Hutchinson, Paul A"]
[Black "Juan Mas, Santiago"]
[Result "1-0"]
[WhiteElo "2228"]
[BlackElo "2098"]
[PlyCount "49"]
[EventDate "2009.10.10"]
[EventType "swiss"]
[EventRounds "9"]
[EventCountry "ESP"]
[Source "lmi"]
[SourceDate "2009.10.10"]

1. Nf3 g6 2. c4 Bg7 3. g3 Nf6 4. Bg2 O-O 5. O-O d6 6. d4 c6 7. Nc3 Nbd7 8. e4
e5 9. h3 Re8 10. Be3 exd4 11. Nxd4 Nc5 12. Qc2 Qe7 13. Rfe1 Nfxe4 14. Nxe4 Nxe4
15. Bxe4 Qxe4 16. Bd2 Bf5 17. Rxe4 Bxe4 18. Qc3 c5 19. Be3 Re7 20. Qd2 cxd4 21.
Bxd4 Bf8 22. Bc3 Bc6 23. Qd4 f6 24. Qxf6 Rg7 25. Re1 1-0

[Event "Festival de Calviá 2009 - 6. Open s2300"]
[Site "Calvia ESP"]
[Date "2009.10.15"]
[Round "6.14"]
[White "Zalba Esteban, Peio"]
[Black "Tscharotschkin, Michael"]
[Result "0-1"]
[WhiteElo "1993"]
[BlackElo "2194"]
[PlyCount "44"]
[EventDate "2009.10.10"]
[EventType "swiss"]
[EventRounds "9"]
[EventCountry "ESP"]
[Source "lmi"]
[SourceDate "2009.10.10"]

1. e4 d6 2. Nf3 g6 3. Be2 Bg7 4. d4 Nf6 5. Nc3 O-O 6. O-O Nbd7 7. h3 e5 8. Bg5
c6 9. d5 h6 10. dxc6 bxc6 11. Be3 Nb6 12. Qd2 Kh7 13. Rad1 Ne8 14. Nh2 Qe7 15.
a4 Be6 16. b3 Rd8 17. a5 Nc8 18. Bf3 Nc7 19. Na4 f5 20. Qe2 f4 21. Bc1 Nb5 22.
c3 Bxb3 0-1

[Event "Festival de Calviá 2009 - 6. Open s2300"]
[Site "Calvia ESP"]
[Date "2009.10.15"]
[Round "6.15"]
[White "Perez Prieto, German"]
[Black "Lind, Jan-Olov"]
[Result "0-1"]
[WhiteElo "1976"]
[BlackElo "2189"]
[PlyCount "56"]
[EventDate "2009.10.10"]
[EventType "swiss"]
[EventRounds "9"]
[EventCountry "ESP"]
[Source "lmi"]
[SourceDate "2009.10.10"]

1. Nf3 Nf6 2. g3 g6 3. Bg2 Bg7 4. O-O c5 5. d4 cxd4 6. Nxd4 O-O 7. c4 Nc6 8.
Nc3 Qb6 9. Nc2 d6 10. Ne3 Be6 11. Ned5 Bxd5 12. cxd5 Ne5 13. b3 Rac8 14. Bb2
Qb4 15. Rc1 Nfd7 16. Na4 b5 17. a3 Qa5 18. Nc3 b4 19. Na4 bxa3 20. Bxa3 Qb5 21.
Bh3 f5 22. f4 Nf7 23. Bg2 Rxc1 24. Bxc1 Rb8 25. Rf3 Rc8 26. Rd3 Nf6 27. Rc3
Rxc3 28. Nxc3 Qc5+ 0-1

[Event "Festival de Calviá 2009 - 6. Open s2300"]
[Site "Calvia ESP"]
[Date "2009.10.15"]
[Round "6.17"]
[White "Karlsson, Jorgen"]
[Black "Durandeau, Jean-Marie"]
[Result "0-1"]
[WhiteElo "2160"]
[BlackElo "2015"]
[PlyCount "98"]
[EventDate "2009.10.10"]
[EventType "swiss"]
[EventRounds "9"]
[EventCountry "ESP"]
[Source "lmi"]
[SourceDate "2009.10.10"]

1. Nf3 Nf6 2. g3 g6 3. Bg2 Bg7 4. d3 O-O 5. O-O d5 6. Nbd2 c5 7. e4 Nc6 8. Re1
e5 9. c3 h6 10. Qb3 d4 11. Qb5 Nd7 12. a4 a6 13. Qb3 Rb8 14. Nc4 b5 15. axb5
axb5 16. Nd6 c4 17. Qd1 Nc5 18. Nxc8 Rxc8 19. Bf1 Na5 20. Ra3 dxc3 21. dxc4
cxb2 22. Bxb2 Qxd1 23. Rxd1 Nxc4 24. Bxc4 bxc4 25. Bxe5 Nxe4 26. Rc1 c3 27.
Bxg7 Kxg7 28. Ne5 Rfe8 29. f4 Rc7 30. Ra4 Nf6 31. Rc4 Rxc4 32. Nxc4 Ne4 33. Ne5
Rc8 34. Kf1 Nd2+ 35. Ke2 Nb3 36. Rc2 Nd4+ 37. Kd3 Nxc2 38. Kxc2 f6 39. Nd3 Re8
40. Kxc3 Re2 41. Kd4 Rxh2 42. Ke3 Ra2 43. g4 Kf7 44. f5 Ra3 45. Kd4 Rxd3+ 46.
Kxd3 gxf5 47. gxf5 Ke7 48. Ke4 Kd6 49. Kf4 Kd5 0-1

[Event "Festival de Calviá 2009 - 6. Open s2300"]
[Site "Calvia ESP"]
[Date "2009.10.15"]
[Round "6.18"]
[White "Haga, Halvor"]
[Black "Anibal, Joaquim"]
[Result "1-0"]
[WhiteElo "1986"]
[BlackElo "2156"]
[PlyCount "81"]
[EventDate "2009.10.10"]
[EventType "swiss"]
[EventRounds "9"]
[EventCountry "ESP"]
[Source "lmi"]
[SourceDate "2009.10.10"]

1. e4 c5 2. Nf3 Nc6 3. g3 g6 4. Bg2 Bg7 5. O-O Nf6 6. Re1 O-O 7. c3 d6 8. d3
Bd7 9. Nbd2 b5 10. Nf1 Rb8 11. e5 dxe5 12. Nxe5 Nxe5 13. Rxe5 Be6 14. Rxc5 Nd7
15. Rc6 Ne5 16. Ra6 Nxd3 17. Rxa7 b4 18. Be3 bxc3 19. bxc3 Bxc3 20. Rb1 Rxb1
21. Qxb1 Bf5 22. g4 Bxg4 23. Ra3 Ne1 24. Rxc3 Nxg2 25. Bh6 Qa8 26. Rg3 Nh4 27.
Bxf8 Kxf8 28. Qb2 f6 29. Rxg4 Nf3+ 30. Kh1 Nd2+ 31. Rg2 Nxf1 32. Qe2 Nxh2 33.
Kxh2 Qb8+ 34. Rg3 h5 35. Kh1 Qb1+ 36. Rg1 Qf5 37. Rd1 Kf7 38. Qc4+ Kg7 39. Kg1
g5 40. Rd8 Qb1+ 41. Kg2 1-0

[Event "Festival de Calviá 2009 - 6. Open s2300"]
[Site "Calvia ESP"]
[Date "2009.10.15"]
[Round "6.20"]
[White "Feiguelman, Igor"]
[Black "Lechado Artigues, Pedro"]
[Result "1/2-1/2"]
[WhiteElo "1952"]
[BlackElo "2110"]
[PlyCount "44"]
[EventDate "2009.10.10"]
[EventType "swiss"]
[EventRounds "9"]
[EventCountry "ESP"]
[Source "lmi"]
[SourceDate "2009.10.10"]

1. d4 Nf6 2. Nc3 g6 3. e4 d6 4. Nf3 Bg7 5. Be2 O-O 6. O-O Bg4 7. h3 Bd7 8. Be3
Nc6 9. d5 Nb4 10. a3 Na6 11. Bxa6 bxa6 12. Qd3 Qc8 13. Nd4 Qb7 14. f4 e6 15.
dxe6 fxe6 16. f5 e5 17. Nb3 Rab8 18. Na5 Qc8 19. b4 gxf5 20. exf5 e4 21. Qc4+
Kh8 22. g4 d5 1/2-1/2

[Event "Festival de Calviá 2009 - 6. Open s2300"]
[Site "Calvia ESP"]
[Date "2009.10.16"]
[Round "7.1"]
[White "Spence, David J"]
[Black "Alcaraz Ortega, Javier"]
[Result "1/2-1/2"]
[WhiteElo "2223"]
[BlackElo "2236"]
[PlyCount "45"]
[EventDate "2009.10.10"]
[EventType "swiss"]
[EventRounds "9"]
[EventCountry "ESP"]
[Source "lmi"]
[SourceDate "2009.10.10"]

1. e4 c5 2. c3 d5 3. exd5 Qxd5 4. d4 cxd4 5. cxd4 Nc6 6. Nf3 Bg4 7. Be2 e6 8.
O-O Nf6 9. Nc3 Qa5 10. Be3 Bb4 11. Qb3 O-O 12. h3 Bh5 13. Rfd1 Rfd8 14. Rac1 a6
15. Na4 Rab8 16. a3 Bd6 17. Nb6 Bc7 18. Nc4 Qd5 19. Qc3 Ne4 20. Qe1 f6 21. Ncd2
Nxd2 22. Qxd2 Qd7 23. Qc3 1/2-1/2

[Event "Festival de Calviá 2009 - 6. Open s2300"]
[Site "Calvia ESP"]
[Date "2009.10.16"]
[Round "7.2"]
[White "Vega Gomez, Francisco B"]
[Black "Andersen, Lars Even"]
[Result "1-0"]
[WhiteElo "2226"]
[BlackElo "2242"]
[PlyCount "63"]
[EventDate "2009.10.10"]
[EventType "swiss"]
[EventRounds "9"]
[EventCountry "ESP"]
[Source "lmi"]
[SourceDate "2009.10.10"]

1. Nf3 Nf6 2. g3 d5 3. Bg2 Bf5 4. O-O c6 5. d3 h6 6. Nfd2 Qd7 7. e4 dxe4 8.
dxe4 Bh3 9. Nc3 Bxg2 10. Kxg2 e5 11. Qe2 Na6 12. Nc4 Qe6 13. Rd1 Be7 14. Na5
Nc5 15. b4 Ncd7 16. a3 b6 17. Nc4 b5 18. Na5 Nb6 19. Be3 Nfd7 20. Rd2 O-O 21.
Rad1 f5 22. exf5 Rxf5 23. Ne4 Nd5 24. Nxc6 Nf4+ 25. Bxf4 Qxc6 26. Rxd7 exf4 27.
f3 fxg3 28. Rxe7 gxh2 29. Rd6 Rh5 30. Kh1 Qc8 31. Nf6+ gxf6 32. Rd8+ 1-0

[Event "Festival de Calviá 2009 - 6. Open s2300"]
[Site "Calvia ESP"]
[Date "2009.10.16"]
[Round "7.3"]
[White "Tscharotschkin, Michael"]
[Black "Gomez Jurado, Luis Alberto"]
[Result "0-1"]
[WhiteElo "2194"]
[BlackElo "2287"]
[PlyCount "112"]
[EventDate "2009.10.10"]
[EventType "swiss"]
[EventRounds "9"]
[EventCountry "ESP"]
[Source "lmi"]
[SourceDate "2009.10.10"]

1. e4 c5 2. c3 d5 3. exd5 Qxd5 4. d4 cxd4 5. cxd4 Nc6 6. Nf3 Bg4 7. Nc3 Bxf3 8.
gxf3 Qxd4 9. Qxd4 Nxd4 10. Nb5 Nc2+ 11. Kd1 Rc8 12. Nxa7 Rc5 13. Rb1 e6 14. Nb5
Nb4 15. Nc3 Nf6 16. Be3 Rf5 17. Bb5+ Kd8 18. Bb6+ Kc8 19. Rc1 Kb8 20. a4 Nfd5
21. Nxd5 Nxd5 22. Bd4 Bd6 23. Rg1 Bxh2 24. Rxg7 Rd8 25. Ke1 h5 26. Be2 Be5 27.
Bxe5+ Rxe5 28. Rxf7 Rg8 29. Rc4 Rg1+ 30. Kd2 Rb1 31. Kc2 Rh1 32. Bd3 Rh2 33.
Be4 Ne3+ 34. Kc3 Nxc4 35. Kxc4 Rxf2 36. Rxb7+ Kc8 37. Rb6 h4 38. Kd4 Rh5 39.
Ke3 Rf1 40. Rc6+ Kd7 41. Rc2 Ra1 42. b3 Ra3 43. Rd2+ Ke7 44. Kf4 Rxb3 45. Kg4
Rh8 46. Kh3 Ra3 47. Rd4 Kf6 48. Bc6 Ra1 49. Rf4+ Ke5 50. Rg4 Rh1+ 51. Kg2 Rc1
52. Be4 h3+ 53. Kh2 Ra1 54. Bc6 Ra2+ 55. Kh1 h2 56. Re4+ Kd6 0-1

[Event "Festival de Calviá 2009 - 6. Open s2300"]
[Site "Calvia ESP"]
[Date "2009.10.16"]
[Round "7.4"]
[White "Gonzalez Arribas, Vidal A"]
[Black "Draghici Flutur, Gravril"]
[Result "1-0"]
[WhiteElo "2286"]
[BlackElo "2194"]
[PlyCount "109"]
[EventDate "2009.10.10"]
[EventType "swiss"]
[EventRounds "9"]
[EventCountry "ESP"]
[Source "lmi"]
[SourceDate "2009.10.10"]

1. c4 e5 2. Nc3 Nc6 3. g3 Nf6 4. Bg2 Bc5 5. a3 d6 6. e3 O-O 7. Nge2 Re8 8. d3
a6 9. O-O Ba7 10. b4 Ne7 11. Bb2 c6 12. d4 Ng6 13. d5 Qc7 14. Qd3 Bg4 15. h3 e4
16. Nxe4 Nxe4 17. hxg4 Nxf2 18. Rxf2 Bxe3 19. Raf1 Bxf2+ 20. Rxf2 Ne5 21. Bxe5
Rxe5 22. dxc6 bxc6 23. Nd4 d5 24. Nf3 dxc4 25. Qxc4 Re7 26. Ng5 h6 27. Ne4 Rae8
28. Kh2 Re5 29. Rf4 R8e7 30. a4 Kh8 31. a5 Kg8 32. Bf3 Kh8 33. Kh3 Kg8 34. Nc5
Qc8 35. Qxa6 Qxa6 36. Nxa6 Re1 37. Kg2 Ra1 38. Re4 Ra2+ 39. Kf1 Rd7 40. Re2
Ra1+ 41. Kf2 Rc1 42. Nc5 Rc7 43. Ra2 Rb1 44. a6 Ra7 45. Ra4 Rb2+ 46. Ke3 Kf8
47. Bxc6 Ke7 48. b5 Kd6 49. Nd3 Rb1 50. Rb4 Rxb4 51. Nxb4 Kc5 52. Nd5 f6 53.
Bb7 Kxb5 54. Ke4 Ka5 55. Kf5 1-0

[Event "Festival de Calviá 2009 - 6. Open s2300"]
[Site "Calvia ESP"]
[Date "2009.10.16"]
[Round "7.5"]
[White "Lind, Jan-Olov"]
[Black "Barcelo Pujadas, Pedro Jose"]
[Result "1-0"]
[WhiteElo "2189"]
[BlackElo "2249"]
[PlyCount "147"]
[EventDate "2009.10.10"]
[EventType "swiss"]
[EventRounds "9"]
[EventCountry "ESP"]
[Source "lmi"]
[SourceDate "2009.10.10"]

1. e4 e6 2. Nf3 d5 3. Nc3 Nf6 4. e5 Nfd7 5. d4 c5 6. dxc5 Nc6 7. Bf4 Be7 8. h4
Nxc5 9. Bd3 a6 10. a3 b5 11. Rh3 h6 12. Kf1 Bb7 13. Kg1 Qc7 14. Rg3 g6 15. Qd2
O-O-O 16. Re1 Bf8 17. b4 Nd7 18. Nxd5 exd5 19. e6 Bd6 20. Bxd6 Qxd6 21. exd7+
Kxd7 22. c3 Rhe8 23. Rxe8 Rxe8 24. Qxh6 d4 25. Qg7 dxc3 26. Qxc3 Ne5 27. Nxe5+
Qxe5 28. Qxe5 Rxe5 29. Re3 Rh5 30. g3 Kd6 31. Kf1 Rh8 32. Ke2 Bc6 33. Kd2 Bd5
34. Re1 Rc8 35. Re3 Rh8 36. Be2 f5 37. f4 Be4 38. Rc3 Bc6 39. Rd3+ Kc7 40. Rd4
Re8 41. Bd3 Bf3 42. Bf1 Be4 43. Be2 Re6 44. Bd1 Re7 45. Kc3 Bc6 46. Kd2 Be4 47.
a4 Bc6 48. axb5 axb5 49. Rd3 Re4 50. Kc3 Rc4+ 51. Kb3 Rc1 52. Bc2 Rg1 53. Re3
Bd5+ 54. Kc3 Bc4 55. h5 gxh5 56. Bxf5 Kd6 57. Bd3 Bxd3 58. Rxd3+ Kc6 59. Rf3
Kd5 60. Re3 h4 61. gxh4 Rg4 62. Rh3 Rxf4 63. h5 Rc4+ 64. Kb3 Rc7 65. h6 Rh7 66.
Rh4 Ke5 67. Kc3 Rc7+ 68. Kd3 Rd7+ 69. Ke3 Rh7 70. Rh5+ Kf6 71. Kd4 Kg6 72. Rh1
Rd7+ 73. Kc5 Kh7 74. Kxb5 1-0

[Event "Festival de Calviá 2009 - 6. Open s2300"]
[Site "Calvia ESP"]
[Date "2009.10.16"]
[Round "7.6"]
[White "Bendayan Claros, Aaron"]
[Black "Fruebing, Thomas"]
[Result "0-1"]
[WhiteElo "2179"]
[BlackElo "2232"]
[PlyCount "88"]
[EventDate "2009.10.10"]
[EventType "swiss"]
[EventRounds "9"]
[EventCountry "ESP"]
[Source "lmi"]
[SourceDate "2009.10.10"]

1. d4 e6 2. Nf3 f5 3. c4 Nf6 4. Nc3 Be7 5. g3 O-O 6. Bg2 d6 7. O-O c6 8. Qd3 d5
9. Ne5 Nfd7 10. f4 Nxe5 11. fxe5 Nd7 12. c5 b6 13. b4 a5 14. b5 bxc5 15. bxc6
Ba6 16. Qf3 Nb6 17. Be3 Nc4 18. Rfd1 Kh8 19. dxc5 Nxe5 20. Qf4 Nxc6 21. Qa4 Nb4
22. a3 Bf6 23. Rac1 Qb8 24. axb4 axb4 25. Nb1 Bxe2 26. Qd7 Bxd1 27. Rxd1 Qc8
28. Qb5 Rb8 29. Qd3 Rd8 30. Qe2 d4 31. Bd2 Qxc5 32. Qxe6 Qc2 33. Qe1 b3 34. Kh1
Re8 35. Qf1 b2 36. Bf3 d3 37. h4 Re7 38. Re1 Ra7 39. Bf4 Ra1 40. h5 h6 41. g4
d2 42. Bxd2 Rxb1 43. Rxb1 Qxd2 44. Rd1 Qxd1 0-1

[Event "Festival de Calviá 2009 - 6. Open s2300"]
[Site "Calvia ESP"]
[Date "2009.10.16"]
[Round "7.7"]
[White "Lacrosse, Marc"]
[Black "Hutchinson, Paul A"]
[Result "1-0"]
[WhiteElo "2179"]
[BlackElo "2228"]
[PlyCount "127"]
[EventDate "2009.10.10"]
[EventType "swiss"]
[EventRounds "9"]
[EventCountry "ESP"]
[Source "lmi"]
[SourceDate "2009.10.10"]

1. d4 d5 2. c4 c6 3. Nf3 Nf6 4. Nc3 a6 5. cxd5 cxd5 6. Bf4 Nc6 7. Rc1 e6 8. e3
Bd6 9. Bg3 Bxg3 10. hxg3 Qd6 11. Bd3 Bd7 12. a3 e5 13. dxe5 Nxe5 14. Nxe5 Qxe5
15. Rh4 h6 16. Rd4 Bc6 17. Qf3 O-O 18. Qf5 Rfe8 19. Qxe5 Rxe5 20. Kf1 Nd7 21.
Rd1 Nf6 22. Be2 Rd8 23. e4 Nxe4 24. Nxe4 Rde8 25. Nc3 Kf8 26. Bf3 g5 27. Bxd5
Kg7 28. Bxc6 bxc6 29. g4 Rb8 30. R1d2 a5 31. Rd6 Rc5 32. f3 f5 33. gxf5 Rxf5
34. Rxc6 g4 35. Kf2 h5 36. Rc4 Rbf8 37. Rd3 Rg5 38. Ne4 Rg6 39. Rd6 g3+ 40. Ke3
h4 41. Rxg6+ Kxg6 42. Rc6+ Kg7 43. Rc5 Rb8 44. Rc2 Kg6 45. Kf4 Rh8 46. Nxg3
hxg3 47. Kxg3 Rb8 48. Kg4 Rb5 49. f4 Kf6 50. g3 Rb3 51. Rc6+ Kf7 52. Rc5 Rxb2
53. Rxa5 Rb3 54. Ra6 Kg7 55. f5 Kf7 56. Kf4 Rc3 57. g4 Rc4+ 58. Kg5 Kg7 59.
Ra7+ Kh8 60. f6 Rd4 61. Kf5 Rd5+ 62. Kg6 Rd8 63. Rh7+ Kg8 64. f7+ 1-0

[Event "Festival de Calviá 2009 - 6. Open s2300"]
[Site "Calvia ESP"]
[Date "2009.10.16"]
[Round "7.8"]
[White "Gaya Llodra, Juan"]
[Black "Schuermans, Robert"]
[Result "1-0"]
[WhiteElo "2218"]
[BlackElo "2103"]
[PlyCount "101"]
[EventDate "2009.10.10"]
[EventType "swiss"]
[EventRounds "9"]
[EventCountry "ESP"]
[Source "lmi"]
[SourceDate "2009.10.10"]

1. d4 Nf6 2. Nf3 e6 3. g3 b5 4. Bg2 Bb7 5. a4 b4 6. c4 bxc3 7. bxc3 c5 8. O-O
Na6 9. Nbd2 cxd4 10. cxd4 Be7 11. Ne5 d5 12. a5 O-O 13. Rb1 Rb8 14. Qa4 Ba8 15.
Ba3 Bxa3 16. Qxa3 Ne4 17. Nxe4 dxe4 18. Rxb8 Nxb8 19. Qc5 Nd7 20. Qxa7 Nxe5 21.
dxe5 Qd5 22. Qc7 Qb5 23. e3 h6 24. Rc1 Bd5 25. Bf1 Qb2 26. Qc3 Qb8 27. a6 Re8
28. Qd4 Re7 29. Qc5 Qa7 30. Bb5 Kh7 31. Kf1 Qxc5 32. Rxc5 Kg6 33. Bc4 Ba8 34.
Ke2 Kf5 35. h3 h5 36. Rc8 Ra7 37. Rc5 Bd5 38. Bxd5 exd5 39. Ra5 Kxe5 40. Kd2 f5
41. Kc3 g5 42. h4 f4 43. hxg5 fxg3 44. fxg3 Kf5 45. Rxd5+ Kg4 46. Ra5 Kxg3 47.
g6 Kg4 48. g7 Rxg7 49. a7 Rxa7 50. Rxa7 h4 51. Kd4 1-0

[Event "Festival de Calviá 2009 - 6. Open s2300"]
[Site "Calvia ESP"]
[Date "2009.10.16"]
[Round "7.9"]
[White "Carrasco Sagredo, Manuel"]
[Black "Galiana Salom, Juan Ramon"]
[Result "0-1"]
[WhiteElo "2133"]
[BlackElo "2216"]
[PlyCount "102"]
[EventDate "2009.10.10"]
[EventType "swiss"]
[EventRounds "9"]
[EventCountry "ESP"]
[Source "lmi"]
[SourceDate "2009.10.10"]

1. c4 e5 2. Nc3 Nf6 3. g3 d5 4. cxd5 Nxd5 5. Bg2 Nb6 6. Nf3 Nc6 7. O-O Be7 8.
d3 O-O 9. Be3 Bg4 10. a4 a5 11. h3 Bh5 12. g4 Bg6 13. Bxb6 cxb6 14. Qb3 Bb4 15.
Nd5 Bc5 16. Rad1 Re8 17. e3 Bb4 18. Nd2 Kh8 19. Nc4 f5 20. gxf5 Bxf5 21. d4 e4
22. Nxb4 axb4 23. Rd2 Qf6 24. Qd1 Qh6 25. Kh2 Rad8 26. Rh1 Rf8 27. b3 Ne7 28.
Ne5 Nd5 29. Qe2 Qh4 30. f4 exf3 31. Nxf3 Qh6 32. Re1 Nc3 33. Qf1 Ne4 34. Rde2
Rde8 35. Ne5 Bxh3 36. Bxh3 Rxf1 37. Rxf1 Kg8 38. Rf3 Qd6 39. Kg1 g6 40. Bf1 Rf8
41. Rxf8+ Kxf8 42. Bg2 Nf6 43. Bxb7 Kg7 44. Rc2 Nd5 45. Bxd5 Qxd5 46. Nc4 Qe4
47. Rb2 h5 48. Kf2 h4 49. Ne5 g5 50. Nf3 Qg4 51. Ne5 Qg3+ 0-1

[Event "Festival de Calviá 2009 - 6. Open s2300"]
[Site "Calvia ESP"]
[Date "2009.10.16"]
[Round "7.10"]
[White "Cruz, Jonathan"]
[Black "Redondo Arguelles, Graciela"]
[Result "1-0"]
[WhiteElo "2292"]
[BlackElo "2059"]
[PlyCount "76"]
[EventDate "2009.10.10"]
[EventType "swiss"]
[EventRounds "9"]
[EventCountry "ESP"]
[Source "lmi"]
[SourceDate "2009.10.10"]

1. d4 d6 2. Nf3 Nd7 3. c4 e5 4. e4 Ngf6 5. Nc3 Be7 6. Be2 O-O 7. O-O c6 8. Re1
a6 9. Bf1 Qc7 10. Bg5 h6 11. Bh4 Re8 12. Qc2 Nf8 13. h3 Ng6 14. Bg3 Nh5 15. Bh2
Nhf4 16. Rad1 Bf8 17. Rd2 Qe7 18. c5 Nh4 19. Re3 Nxf3+ 20. Rxf3 dxc5 21. dxe5
Ng6 22. Bc4 Be6 23. Nd5 cxd5 24. exd5 Nh4 25. Rf4 Qg5 26. Bg3 Bf5 27. Qc3 b5
28. Bf1 b4 29. Qe3 Nxg2 30. Bxg2 Bd6 31. h4 Qh5 32. Qf3 Qxf3 33. Rxf3 Be4 34.
exd6 Bxf3 35. Bxf3 c4 36. Rc2 Re1+ 37. Kg2 Rb1 38. Rxc4 Kh7 1-0

[Event "Festival de Calviá 2009 - 6. Open s2300"]
[Site "Calvia ESP"]
[Date "2009.10.16"]
[Round "7.11"]
[White "Tart, Peter K"]
[Black "Ducros Salva, Antonio"]
[Result "0-1"]
[WhiteElo "2078"]
[BlackElo "2239"]
[PlyCount "54"]
[EventDate "2009.10.10"]
[EventType "swiss"]
[EventRounds "9"]
[EventCountry "ESP"]
[Source "lmi"]
[SourceDate "2009.10.10"]

1. e4 c5 2. Nc3 Nc6 3. f4 g6 4. Nf3 Bg7 5. Bb5 Nd4 6. O-O a6 7. Bd3 d6 8. Nxd4
cxd4 9. Ne2 Nf6 10. Qe1 O-O 11. Kh1 e5 12. c3 dxc3 13. dxc3 b5 14. Ng3 Bb7 15.
Bc2 Qe7 16. fxe5 dxe5 17. Bg5 h6 18. Bh4 Qe6 19. Bb3 Qb6 20. Rd1 Rad8 21. Rxd8
Rxd8 22. Bxf6 Bxf6 23. Qe2 Rf8 24. Qg4 Bg5 25. Qd7 Bf4 26. Qg4 Bc8 27. Nf5 Kh7
0-1

[Event "Festival de Calviá 2009 - 6. Open s2300"]
[Site "Calvia ESP"]
[Date "2009.10.16"]
[Round "7.12"]
[White "Martinez Vicario, Jose Maria"]
[Black "Pettersson, Anders"]
[Result "0-1"]
[WhiteElo "2186"]
[BlackElo "2049"]
[PlyCount "94"]
[EventDate "2009.10.10"]
[EventType "swiss"]
[EventRounds "9"]
[EventCountry "ESP"]
[Source "lmi"]
[SourceDate "2009.10.10"]

1. b3 d5 2. Bb2 Nf6 3. f4 Bf5 4. Nf3 e6 5. e3 Nbd7 6. Be2 Bd6 7. O-O h5 8. Nc3
c6 9. Ng5 Qe7 10. d3 Bc5 11. d4 Bd6 12. Qd2 Nf8 13. Bd3 Ng6 14. e4 dxe4 15.
Ncxe4 Nxe4 16. Nxe4 Bc7 17. a4 O-O-O 18. a5 a6 19. Ba3 Qd7 20. Bc5 Kb8 21. Ra4
h4 22. Rb4 Ka8 23. Bb6 Bxb6 24. axb6 Bxe4 25. Bxe4 f5 26. Bd3 h3 27. g3 Qd5 28.
Qe2 c5 29. Ra4 c4 30. Rxc4 Rd6 31. Rb4 Qa5 32. c3 Rxb6 33. Rxb6 Qxb6 34. b4 Rc8
35. b5 Rxc3 36. bxa6 Qxd4+ 37. Kh1 Qxd3 38. axb7+ Kb8 39. Qxd3 Rxd3 40. Re1
Kxb7 41. Kg1 Nf8 42. Rc1 Rd2 43. Rc3 Rg2+ 44. Kh1 Nd7 45. g4 fxg4 46. f5 Rb2
47. Kg1 exf5 0-1

[Event "Festival de Calviá 2009 - 6. Open s2300"]
[Site "Calvia ESP"]
[Date "2009.10.16"]
[Round "7.14"]
[White "Durandeau, Jean-Marie"]
[Black "Munar Rossello, Pedro"]
[Result "0-1"]
[WhiteElo "2015"]
[BlackElo "2144"]
[PlyCount "60"]
[EventDate "2009.10.10"]
[EventType "swiss"]
[EventRounds "9"]
[EventCountry "ESP"]
[Source "lmi"]
[SourceDate "2009.10.10"]

1. e4 c5 2. Nf3 Nc6 3. d4 cxd4 4. Nxd4 g6 5. c4 Bg7 6. Nc2 Nf6 7. Nc3 O-O 8.
Be2 d6 9. O-O Be6 10. f4 Na5 11. b3 Rc8 12. Rb1 b5 13. f5 Bd7 14. Be3 bxc4 15.
b4 Nc6 16. g4 Nxg4 17. Bxg4 Bxc3 18. h4 Bg7 19. h5 Ne5 20. Be2 Bc6 21. hxg6
fxg6 22. Nd4 Bxe4 23. Ne6 Qd7 24. Nxf8 Rxf8 25. fxg6 hxg6 26. Rxf8+ Bxf8 27.
Rc1 Qh3 28. Kf2 Qh4+ 29. Kf1 Bg7 30. Qd5+ Kh8 0-1

[Event "Festival de Calviá 2009 - 6. Open s2300"]
[Site "Calvia ESP"]
[Date "2009.10.16"]
[Round "7.15"]
[White "Minina, Veronika"]
[Black "Haga, Halvor"]
[Result "1-0"]
[WhiteElo "2167"]
[BlackElo "1986"]
[PlyCount "77"]
[EventDate "2009.10.10"]
[EventType "swiss"]
[EventRounds "9"]
[EventCountry "ESP"]
[Source "lmi"]
[SourceDate "2009.10.10"]

1. Nf3 f5 2. g3 Nf6 3. Bg2 d6 4. d4 e6 5. O-O Be7 6. c4 O-O 7. b4 Ne4 8. Bb2
Bf6 9. Qb3 Kh8 10. Nc3 Nxc3 11. Bxc3 Qe8 12. Rfe1 e5 13. dxe5 dxe5 14. e4 fxe4
15. Rxe4 Bf5 16. Re3 Nd7 17. Rae1 e4 18. Nd4 Qf7 19. Bxe4 Bxe4 20. Rxe4 Ne5 21.
f4 Nxc4 22. Ne6 Bxc3 23. Qxc3 Nd6 24. Re5 Rfc8 25. Ng5 Qc4 26. Qxc4 Nxc4 27.
Rc5 Nd6 28. Re7 Ne8 29. Ne6 b6 30. Rc6 a5 31. b5 Ra7 32. a4 Kg8 33. Kg2 g6 34.
Kf3 Rb7 35. Ng5 Ng7 36. Rf6 Re8 37. Rd7 h6 38. Ne4 Re6 39. Rxg7+ 1-0

[Event "Festival de Calviá 2009 - 6. Open s2300"]
[Site "Calvia ESP"]
[Date "2009.10.16"]
[Round "7.16"]
[White "Logar, Metod"]
[Black "Massanet Massanet, Sebastian"]
[Result "0-1"]
[WhiteElo "2069"]
[BlackElo "2297"]
[PlyCount "62"]
[EventDate "2009.10.10"]
[EventType "swiss"]
[EventRounds "9"]
[EventCountry "ESP"]
[Source "lmi"]
[SourceDate "2009.10.10"]

1. e4 e6 2. d4 d5 3. e5 c5 4. c3 Nc6 5. Nf3 Qb6 6. Be2 cxd4 7. cxd4 Nh6 8. Bxh6
Qxb2 9. Nbd2 gxh6 10. O-O Nxd4 11. Rb1 Nxe2+ 12. Qxe2 Qa3 13. Qb5+ Kd8 14. Rfc1
Qa6 15. Qb3 b6 16. Nd4 Bd7 17. Qf3 Ke8 18. Rc7 Qa4 19. Nb5 Be7 20. Nd6+ Bxd6
21. exd6 Qd4 22. Rbc1 Qg7 23. Qa3 Rg8 24. g3 Qe5 25. Rxa7 Rd8 26. Ra8 Qf6 27.
Rc7 e5 28. Raa7 Rg6 29. Nf3 e4 30. Nh4 Qxh4 31. Rxd7 Rxd7 0-1

[Event "Festival de Calviá 2009 - 6. Open s2300"]
[Site "Calvia ESP"]
[Date "2009.10.16"]
[Round "7.20"]
[White "Elenius, Erik"]
[Black "Zalba Esteban, Peio"]
[Result "1-0"]
[WhiteElo "2121"]
[BlackElo "1993"]
[PlyCount "67"]
[EventDate "2009.10.10"]
[EventType "swiss"]
[EventRounds "9"]
[EventCountry "ESP"]
[Source "lmi"]
[SourceDate "2009.10.10"]

1. e4 c5 2. d4 cxd4 3. c3 d3 4. Bxd3 d5 5. Bb5+ Bd7 6. Bxd7+ Qxd7 7. Qxd5 Nf6
8. Qxd7+ Nbxd7 9. f3 Nc5 10. Nh3 Nd3+ 11. Ke2 Rd8 12. Nf2 Nxc1+ 13. Rxc1 e6 14.
Nd2 Be7 15. Nb3 O-O 16. Rd1 Rc8 17. g3 g6 18. Rd2 b5 19. a3 a6 20. Rad1 h5 21.
Nd3 Rfd8 22. Nb4 Rxd2+ 23. Rxd2 Ra8 24. Nc6 Bf8 25. Rd1 Rc8 26. Nb4 Ra8 27. e5
Ne8 28. Na5 h4 29. f4 hxg3 30. hxg3 Nc7 31. Rd7 Ne8 32. Nbc6 Bc5 33. Nb7 Bb6
34. Nbd8 1-0

[Event "Festival de Calviá 2009 - 6. Open s2300"]
[Site "Calvia ESP"]
[Date "2009.10.16"]
[Round "7.21"]
[White "Burton, Graham P"]
[Black "Korhonen, Pasi"]
[Result "0-1"]
[WhiteElo "2042"]
[BlackElo "2116"]
[PlyCount "28"]
[EventDate "2009.10.10"]
[EventType "swiss"]
[EventRounds "9"]
[EventCountry "ESP"]
[Source "lmi"]
[SourceDate "2009.10.10"]

1. e4 c5 2. Nf3 d6 3. d4 cxd4 4. Nxd4 Nf6 5. Nc3 g6 6. Be3 Bg7 7. f3 O-O 8. Bc4
Nc6 9. Qe2 Ne5 10. Bd3 a6 11. O-O b5 12. b4 Qc7 13. Ncxb5 axb5 14. Nxb5 Qd8 0-1